000
00261nam a2200097Ia 4500
082
_a
J 595.78 RUST
245
0
_a
Silkworms
100
_a
Rustad, Martha E. H. , 1975- Mankato,, [c.2009]
_9
76207
942
_c
BK
008
210817s9999 xx 000 0 und d
999
_c
253000
_d
252999